| 000 -LEADER |
| fixed length control field |
01384cam a22003617a 4500 |
| 001 - CONTROL NUMBER |
| control field |
4718124 |
| 003 - CONTROL NUMBER IDENTIFIER |
| control field |
LIBRIS |
| 005 - DATE AND TIME OF LATEST TRANSACTION |
| control field |
20241030084057.0 |
| 008 - FIXED-LENGTH DATA ELEMENTS--GENERAL INFORMATION |
| fixed length control field |
011211s1970 xxu|||||||||||000 0|eng|c |
| 020 ## - INTERNATIONAL STANDARD BOOK NUMBER |
| International Standard Book Number |
0226452387 |
| Qualifying information |
hft. |
| 020 ## - INTERNATIONAL STANDARD BOOK NUMBER |
| International Standard Book Number |
0226452379 |
| Qualifying information |
inb. |
| 040 ## - CATALOGING SOURCE |
| Original cataloging agency |
G* |
| Description conventions |
a |
| Transcribing agency |
DLC |
| 041 ## - LANGUAGE CODE |
| Language code of text/sound track or separate title |
eng |
| 080 ## - UNIVERSAL DECIMAL CLASSIFICATION NUMBER |
| Universal Decimal Classification number |
008 |
| Item number |
K-81 |
| 082 04 - DEWEY DECIMAL CLASSIFICATION NUMBER |
| Classification number |
935 |
| Edition number |
22 (machine generated) |
| 084 ## - OTHER CLASSIFICATION NUMBER |
| Classification number |
Joai |
| Number source |
kssb/6 |
| 084 ## - OTHER CLASSIFICATION NUMBER |
| Classification number |
Joai |
| Number source |
kssb/6 |
| 100 1# - MAIN ENTRY--PERSONAL NAME |
| Personal name |
Kramer, Samuel Noah, |
| Dates associated with a name |
1897-1990 |
| Authority record control number or standard number |
https://libris.kb.se/hftx33312gcmgj1#it |
| 245 04 - TITLE STATEMENT |
| Title |
The Sumerians : |
| Remainder of title |
their history, culture and character / |
| Statement of responsibility, etc. |
Samuel Noah Kramer. |
| 260 ## - PUBLICATION, DISTRIBUTION, ETC. |
| Place of publication, distribution, etc. |
Chicago : |
| Name of publisher, distributor, etc. |
The University of Chicago P., |
| Date of publication, distribution, etc. |
1970 |
| 300 ## - PHYSICAL DESCRIPTION |
| Extent |
355 s. |
| Other physical details |
ill. |
| 500 ## - GENERAL NOTE |
| Institution to which field applies |
Gx |
| General note |
8. tr., 1982 |
| 650 #0 - SUBJECT ADDED ENTRY--TOPICAL TERM |
| 9 (RLIN) |
410 |
| Topical term or geographic name entry element |
History of civilizations |
| 653 ## - INDEX TERM--UNCONTROLLED |
| Uncontrolled term |
ცივილიზაცია |
| 887 ## - NON-MARC INFORMATION FIELD |
| Content of non-MARC field |
{"@id":"gzrj8j4s28dlchn","modified":"2009-08-13T17:21:21+02:00","checksum":"34203067447"} |
| Source of data |
librisxl |
| 887 ## - NON-MARC INFORMATION FIELD |
| Content of non-MARC field |
{"@id":"z38vn3544v4cqts","modified":"2018-06-05T17:33:44.624+02:00","checksum":"38605957078"} |
| Source of data |
librisxl |
| 887 ## - NON-MARC INFORMATION FIELD |
| Content of non-MARC field |
{"@id":"049wp4653rnmj6n","modified":"2018-02-17T13:21:18+01:00","checksum":"30037165023"} |
| Source of data |
librisxl |
| 942 ## - ADDED ENTRY ELEMENTS (KOHA) |
| Source of classification or shelving scheme |
|
| Koha item type |
Books |